000 00517nam a2200157 i 4500
001 184404
003 ES-MaACL
005 20230906222203.0
008 150819s1894 uy |||| | spa d
110 0 _aAteneo de Montevideo.
_92017
245 1 0 _aReglamento del Ateneo de Montevideo
_b: sancionado el 30 de abril de 1894.
260 _aMontevideo :
_b[s.n.],
_c1894 (
_fImp. Dornaleche y Reyes)
300 _a30 p. ;
_c17 cm.
610 2 4 _aAteneo de Montevideo-
_vReglamentos.
_9168138
852 _aES-MaACL
_jT-888-F-1
999 _c184404
_d184404